| 000 | 00533nam a2200193Ia 4500 | ||
|---|---|---|---|
| 003 | IN-BaIIA | ||
| 008 | 211028s9999 xx 000 0 eng d | ||
| 020 | _a978-981-270-645-4 | ||
| 040 | _cIIA Library | ||
| 080 |
_a537.8 _bHUA |
||
| 100 |
_aHuang, Kerson _913971 |
||
| 245 | 0 |
_aFundamental forces of nature _bthe story of gauge fields _cKerson Huang |
|
| 250 | _arep. | ||
| 260 |
_aNew Jersey _bWorld Scientific _c2011 |
||
| 300 | _axiv, 270p. | ||
| 650 |
_aElectromagnetism _9540 |
||
| 650 |
_aGauge fields _920118 |
||
| 942 | _cBK | ||
| 999 |
_c18288 _d18288 |
||